A cultural resources survey of the proposed Herff Road expansion project, Kendall County, Texas /

Bibliographic Details
Main Author: Nickels, David L.
Corporate Authors: Tierras Antiguas Archaeology (Firm), Texas Antiquities Committee, Medina Consulting Company
Format: Book
Language:English
Published: [Martindale, Texas] : [Tierras Antiguas Archaeology], [2011]
Series:Report (Tierras Antiguas Archaeology (Firm)) ; no. 62.
Texas antiquities permit series ; 6067.
Subjects:

MARC

Tag First Indicator Second Indicator Subfields
LEADER 00000cam a2200000Ia 4500
001 in00002767913
005 20150922105809.0
008 120619s2011 txuab b s000 0 eng c
035 |a (OCoLC)ocn795808033 
035 |a (OCoLC)795808033 
040 |a ILU  |c ILU  |d TXA  |d UtOrBLW 
043 |a n-us-tx 
049 |a TXAM 
050 1 4 |a F392.K3  |b N54475 2011 
090 |a F392.K3  |b N632 2011 
100 1 |a Nickels, David L. 
245 1 2 |a A cultural resources survey of the proposed Herff Road expansion project, Kendall County, Texas /  |c by David L. Nickels, principal investigator. 
264 1 |a [Martindale, Texas] :  |b [Tierras Antiguas Archaeology],  |c [2011] 
300 |a iv, 35 pages, 12 unnumbered leaves :  |b color illustrations, maps (some color) ;  |c 28 cm. 
336 |a text  |b txt  |2 rdacontent 
337 |a unmediated  |b n  |2 rdamedia 
338 |a volume  |b nc  |2 rdacarrier 
490 1 |a Tierras Antiguas Archaeological Investigations Report ;  |v #62 
490 1 |a Texas Antiquities permit ;  |v #6067 
500 |a Cover title. 
500 |a "Prepared for Medina Consulting, Inc., San Antonio, Texas." 
500 |a "November 2011." 
504 |a Includes bibliographical references (leaves 27-35). 
650 0 |a Archaeological surveying  |z Texas  |z Kendall County. 
650 0 |a Indians of North America  |z Texas  |z Kendall County  |x Antiquities. 
651 0 |a Kendall County (Tex.)  |x Antiquities. 
710 2 |a Tierras Antiguas Archaeology (Firm) 
710 2 |a Texas Antiquities Committee. 
710 2 |a Medina Consulting Company. 
830 0 |a Report (Tierras Antiguas Archaeology (Firm)) ;  |v no. 62. 
830 0 |a Texas antiquities permit series ;  |v 6067. 
948 |a cataloged  |b h  |c 2012/8/8  |d c  |e jwilkinson 
994 |a C0  |b TXA 
999 |a MARS 
999 f f |s ff1065c3-c556-3dac-b78f-017385009b61  |i 5f81623f-8bdb-3798-a211-bb99f272c812  |t 0 
952 f f |p ric  |a Texas A&M University  |b Rellis Campus  |c Joint Library Facility  |d Remote Storage  |t 0  |e F392.K3 N632 2011  |h Library of Congress classification  |i unmediated -- volume  |m A14841474134 
998 f f |a F392.K3 N632 2011  |t 0  |l Remote Storage